000 00609nam a2200229Ia 4500
003 OSt
005 20221005120707.0
006 a|||||r|||| 00| 0
007 ta
008 221004b |||||||| |||| 00| 0 eng d
024 _a35694
037 _cTextual
040 _aCRL
_cCRL
_beng
041 _2eng
_aeng
082 _aO:1L70:9z7, G2
100 _aSmith Elsie
_9629534
245 0 _aEstimate of William Wordsworth by his contemporaries, 1793-1822
260 _c1932
650 _aENGLISH LITERATURE
942 _hO:1L70:9z7, G2
_cTEXL
_2cc
999 _c1038836
_d1038836